By the King and Queen, a proclamation requiring all seamen and mariners to render themselves to Their Majesties service.

Bibliographic Details
Corporate Author: England and Wales. Sovereign (1689-1694 : William and Mary)
Other Authors: Mary II, Queen of England, 1662-1694, William III, King of England, 1650-1702
Format: Microform Book
Language:English
Series:Early English books, 1641-1700 ; 1624:46.
Subjects:

MARC

Tag First Indicator Second Indicator Subfields
LEADER 00000cam a2200000 a 4500
001 in00000968821
005 20150926135817.0
007 hd afb017baca
007 hd bfb017baaa
008 871204r19851690miu a 00010 eng d
035 |a (OCoLC)17190490 
035 |9 AEU3185AM 
037 |a CL0037000058  |b University Microfilms International 
037 |b University Microfilms International, 300 N. Zeeb Rd., Ann Arbor, MI 48106 
040 |a EAK  |c EAK  |d UtOrBLW 
043 |a e-uk-en 
045 2 |b d1692  |b d1702 
049 |a TXAI 
090 |a DA460  |b .E53 1690 
099 |a film   |a  B   |a  3609 
110 1 |a England and Wales.  |b Sovereign (1689-1694 : William and Mary) 
245 1 0 |a By the King and Queen, a proclamation requiring all seamen and mariners to render themselves to Their Majesties service. 
264 3 |a London :  |b Printed by Charles Bill and Thomas Newcomb ...,  |c 1690. 
300 |a 1 broadside. 
336 |a text  |b txt  |2 rdacontent 
337 |a microform  |b h  |2 rdamedia 
338 |a microfilm reel  |b hd  |2 rdacarrier 
500 |a "Given at our court at Whitehall the fifth day of July, 1690. In the second year of our reign." 
500 |a Reproduction of original in the Harvard University Library. 
510 4 |a Wing  |c W2618 
533 |a Microfilm.  |b Ann Arbor, Mich. :  |c University Microfilms International,  |d 1985.  |e 1 microfilm reel ; 35 mm.  |f (Early English books, 1641-1700 ; 1624:46) 
500 |a Microform. 
610 1 0 |a England and Wales.  |b Royal Navy. 
651 0 |a Great Britain  |x History, Naval  |y Stuarts, 1603-1714. 
651 0 |a Great Britain  |x History  |y William and Mary, 1689-1702. 
700 0 |a Mary  |b II,  |c Queen of England,  |d 1662-1694. 
700 0 |a William  |b III,  |c King of England,  |d 1650-1702. 
740 2 |a A proclamation for requiring all seamen and mariners to render themselves to Their Majesties service. 
830 0 |a Early English books, 1641-1700 ;  |v 1624:46. 
999 |a MARS 
999 f f |s 58465461-4d47-35ab-a78a-ed2bf1cc3f01  |i d2b47b11-82ac-3c57-a801-34d47a2c9d41  |t 0 
952 f f |p default  |a Texas A&M University  |b College Station  |c Sterling C. Evans Library  |d Evans: Microforms (3rd floor)  |t 0  |e film B 3609 1624:46  |h Other scheme  |i microform -- microfilm reel 
998 f f |a film B 3609 1624:46  |t 0  |l Evans: Microforms (3rd floor)